Normal view
MARC view
- Coleman, Terry,
Entry Personal Name
001 - CONTROL NUMBER
- control field: 153602
003 - CONTROL NUMBER IDENTIFIER
- control field: DLC
005 - DATE AND TIME OF LATEST TRANSACTION
- control field: 20260413143933.0
008 - FIXED-LENGTH DATA ELEMENTS
- fixed length control field: 800523n| azannaabn |n aaa
010 ## - LIBRARY OF CONGRESS CONTROL NUMBER
- LC control number: n 50026830
035 ## - SYSTEM CONTROL NUMBER
- System control number: (OCoLC)oca00062217
040 ## - CATALOGING SOURCE
- Original cataloging agency: DLC
- Language of cataloging: eng
- Description conventions: rda
- Transcribing agency: DLC
- Modifying agency: DLC
- Modifying agency: OCoLC
- Modifying agency: TNJ
- Modifying agency: UPB
- Modifying agency: OCoLC
046 ## - SPECIAL CODED DATES
- Birth date: 1931-02-13
- Source of date scheme: edtf
053 #0 - LC CLASSIFICATION NUMBER
- Classification number element--single number or beginning number of span: PR6053.O419
100 1# - HEADING--PERSONAL NAME
- Personal name: Coleman, Terry,
- Dates associated with a name: 1931-
370 ## - ASSOCIATED PLACE
- Place of birth: Bournemouth (England)
- Source of term: naf
374 ## - OCCUPATION
- Occupation: Journalists
- Occupation: Historians
- Occupation: Novelists
- Source of term: lcsh
377 ## - ASSOCIATED LANGUAGE
- Language code: eng
670 ## - SOURCE DATA FOUND
- Source citation: Author's The railway navvies, 1965.
670 ## - SOURCE DATA FOUND
- Source citation: Contemp. Authors, New rev. ser.:
- Information found: v. 58 (Coleman, Terry, b. Feb. 13, 1931 in Bournemouth, Eng.; journalist, historian, and novelist; author of novels: A girl for the afternoon, 1965; Southern Cross, 1979; Thanksgiving, 1981; and Empire, 1994; among non-fiction works: Railway navvies, 1965; Going to America, 1972; The liners, 1976; Thatcher's Britain, 1987; and with L. Deacon, Providence & Mr. Hardy, 1966)



